000 00635nam a2200241Ia 4500
001 34957
005 20240114001753.0
007 ta
008 070307s1974 a g b000 u 346 u
040 _aCotton College,Assam
041 _a346
082 _a923.3
_bK 54 V
100 _aVyash, Sunit .
245 0 _aRafi Ahmed Kidbai /
_cSunit Vyash.
_hTextual Documents
250 _a1st ed. /
260 _aAllahabad :
_bParimal Prakashan ,
_c1974.
300 _a191p. :
_bill ;
_c19cm .
653 _aBiography-Rafi Ahmed Kidbai
653 _aG-Biography
942 _2ddc
_cBK
999 _c34939
_d34939